| 000 | 00435nam a2200181Ia 4500 | ||
|---|---|---|---|
| 001 | 23754 | ||
| 005 | 20260414150958.0 | ||
| 008 | 260414t2010||||xx |||||||||||||| ||spa|| | ||
| 041 | _aESP | ||
| 082 |
_a704.9482 _bB59 |
||
| 100 |
_aBisconti, Fabrizio _eAUT |
||
| 245 | 0 |
_aTemi di iconografia paleocristiana _b |
|
| 260 | _c2010 | ||
| 300 |
_a385 páginas : _c24 cm. |
||
| 650 | _aABD | ||
| 654 | _aCAU | ||
| 942 |
_cLIB _dJUS _fJUS _2ddc _n |
||
| 999 |
_c23754 _d23754 |
||